Buffalo Bill and the Pony Express (Record no. 614969)

000 -LEADER
fixed length control field 00356nam a22001337a 4500
020 ## - INTERNATIONAL STANDARD BOOK NUMBER
International Standard Book Number 9780064442206
040 ## - CATALOGING SOURCE
Transcribing agency Nust
082 ## - DEWEY DECIMAL CLASSIFICATION NUMBER
Classification number 823-CH
Author Mark COE
100 ## - MAIN ENTRY--PERSONAL NAME
Personal name Eleanor Coerr
9 (RLIN) 130789
245 ## - TITLE STATEMENT
Title Buffalo Bill and the Pony Express
260 ## - PUBLICATION, DISTRIBUTION, ETC.
Place of publication, distribution, etc. New York:
Name of publisher, distributor, etc. Harper Collins,
Date of publication, distribution, etc. 1995.
650 ## - SUBJECT ADDED ENTRY--TOPICAL TERM
Topical term or geographic name entry element Buffalo Bill and the Pony Express
9 (RLIN) 130790
942 ## - ADDED ENTRY ELEMENTS (KOHA)
Source of classification or shelving scheme
Koha item type Book
Holdings
Withdrawn status Lost status Source of classification or shelving scheme Damaged status Not for loan Permanent Location Current Location Shelving location Date acquired Shelving control number Full call number Barcode Date last seen Price effective from Koha item type Public note
          College of Electrical & Mechanical Engineering (CEME) College of Electrical & Mechanical Engineering (CEME) Fiction 10/02/2025 English Literature 823-CH COE CEME- 50286 10/02/2025 10/02/2025 Book CART-4
© 2023 Central Library, National University of Sciences and Technology. All Rights Reserved.